Statistics for Biggest Cities,in Argentina

Click here to take the quiz!

General Stats

  • This quiz has been taken 7 times
  • The average score is 8 of 20

Answer Stats

PopulationCity% Correct
2,936,877Buenos Aires
100%
1,317,298Córdoba
86%
1,193,605Rosario
86%
520,683Salta
71%
643,133La Plata
57%
593,337Mar del Plata
57%
346,334Corrientes
43%
290,723Resistencia
43%
548,866San Miguel de Tucumán
43%
257,970San Salvador de Jujuy
43%
391,164Santa Fe de la Vera Cruz
43%
291,327Bahía Blanca
29%
231,198Neuquén
29%
247,139Paraná
29%
275,028Posadas
29%
252,192Santiago del Estero
29%
222,226Formosa
14%
212,152Lanús
0%
296,826Pilar
0%
360,078Vicente López Partido
0%

Score Distribution

Percentile by Number Answered

Percent of People with Each Score

Your Score History

You have not taken this quiz